Taylor Swift's Grammy Awards - Statistics

General Stats
  • This quiz has been taken 21 times
  • The average score is 12 of 14
Answer Stats
Year Award Answer % Correct
2016 Album Of The Year 1989
100%
2016 Best Pop Vocal Album 1989
100%
2010 Album Of The Year Fearless
100%
2010 Best Country Album Fearless
100%
2021 Album Of The Year folklore
100%
2024 Album Of The Year Midnights
100%
2024 Best Pop Vocal Album Midnights
100%
2016 Best Music Video Bad Blood
81%
2023 Best Music Video All Too Well: The Short Film
69%
2010 Best Country Song White Horse
69%
2010 Best Female Country Vocal Performance White Horse
69%
2012 Country Song Mean
63%
2012 Country Solo Performance Mean
63%
2013 Best Song Written For Visual Media Safe & Sound (From The Hunger Games)
50%
No matching quizzes found
Score Distribution
Percent of People with Each Score
Percentile by Number Answered
Your Score History
You have not taken this quiz